| 000 | 00343 a2200109 4500 | ||
|---|---|---|---|
| 001 | ART_49520 | ||
| 005 | 20260410161649.0 | ||
| 008 | 260409a | ||
| 245 | 1 | 0 | _aModificaciones en el impuesto sobre los bienes personales |
| 100 | 1 | _aBechara, Fabián | |
| 773 | 0 |
_tConsultor tributario _g- Año 13, N° 150 (ago. 2019) _wREV474 |
|
| 999 |
_c14028 _d14028 |
||